Top 30 21 Savage Songs - Statistics

General Stats
  • This quiz has been taken 10 times
  • The average score is 7 of 30
Answer Stats
# Song Rating % Correct
2. Runnin 91
89%
1. a lot 95
78%
3. Glock In My Lap 91
78%
22. redrum 81
67%
13. ball w/o you 83
56%
25. X 80
44%
16. can't leave without it 82
33%
8. Creepin' 86
33%
14. nee-nah 82
33%
7. Rich N*gga Shit 87
33%
29. all of me 79
22%
5. Ghostface Killers 88
22%
6. Many Men 88
22%
20. monster 81
22%
4. m y . l i f e 90
22%
11. Rap Saved Me 84
22%
19. Niagara Falls (Foot or 2) 81
11%
17. RIP Luv 82
11%
15. Slidin 82
11%
30. Snitches & Rats 79
11%
21. Umbrella 81
11%
28. all my friends 79
0%
23. dark days 81
0%
18. My Choppas Hate N*ggas 82
0%
12. One Mic, One Gun 83
0%
27. red sky 80
0%
24. Said N Done 81
0%
10. Spiral 85
0%
26. Walk Em Down (Don't Kill Civilians) 80
0%
9. Yessirskiii 86
0%
No matching quizzes found
Score Distribution
Percent of People with Each Score
Percentile by Number Answered
Your Score History
You have not taken this quiz